आत्मिक आनंदयात्रा./ (Record no. 47660)

MARC details
000 -LEADER
fixed length control field 01141nam a22002777a 4500
005 - DATE AND TIME OF LATEST TRANSACTION
control field 20100918105748.0
008 - FIXED-LENGTH DATA ELEMENTS--GENERAL INFORMATION
fixed length control field 100918t xxu||||| |||| 00| 0 mar d
010 ## - LCCN (DPL NO)
LC control number MAR-20280
020 ## - INTERNATIONAL STANDARD BOOK NUMBER
Terms of availability 150.00
International Standard Book Number 9788189634100
035 ## - SYSTEM CONTROL NUMBER
System control number MR-12938
037 ## - SOURCE OF ACQUISITION
Source of stock number/acquisition DBAD/PUB
040 ## - CATALOGING SOURCE
Original cataloging agency DPL
Language of cataloging MR
082 ## - DEWEY DECIMAL CLASSIFICATION NUMBER
Classification number 921
100 ## - MAIN ENTRY--PERSONAL NAME
9 (RLIN) 20631
Personal name जवळगेकर,विदुला.
245 ## - TITLE STATEMENT
Title आत्मिक आनंदयात्रा./
Statement of responsibility, etc विदुला जवळगेकर
246 ## - VARYING FORM OF TITLE
Title proper/short title Atamik Anandyatra
Remainder of title by Vidula Javrkar
260 ## - PUBLICATION, DISTRIBUTION, ETC. (IMPRINT)
Place of publication, distribution, etc पुणे
Name of publisher, distributor, etc स्नेहवर्धन प्रकाशन
Date of publication, distribution, etc 2010
270 ## - ADDRESS
Address 833, सदाशिव पेठ, महात्मा फुले सभागृहमागे
City पुणे
Postal code 411030
300 ## - PHYSICAL DESCRIPTION
Extent 159पृ
Dimensions 21 सेमी (अजिल्द)
650 ## - SUBJECT ADDED ENTRY--TOPICAL TERM
Topical term or geographic name as entry element आत्मचरित्र
9 (RLIN) 20632
650 ## - SUBJECT ADDED ENTRY--TOPICAL TERM
Topical term or geographic name as entry element Autobiography
9 (RLIN) 20633
700 ## - ADDED ENTRY--PERSONAL NAME
9 (RLIN) 21188
700 ## - ADDED ENTRY--PERSONAL NAME
9 (RLIN) 21189
942 ## - ADDED ENTRY ELEMENTS (KOHA)
Source of classification or shelving scheme Dewey Decimal Classification
Item type Marathi Books
Classification part 921
Call number suffix जवळ
Holdings
Withdrawn status Lost status Source of classification or shelving scheme Damaged status Not for loan Collection code Home library Current library Date acquired Source of acquisition Cost, normal purchase price Total Checkouts Full call number Barcode Date last seen Copy number Cost, replacement price Koha item type
    Dewey Decimal Classification   Not For Loan Non-fiction D.B.Act.Division D.B.Act.Division 24/09/2010 DBAD / PUB 150.00   921 जवळ MR-12938 24/09/2010 1 150.00 Marathi Books

© Delhi Public Library
Hit Counter
free hit counter